| 000 | 01059nam a22002417a 4500 | ||
|---|---|---|---|
| 999 |
_c19403 _d19403 |
||
| 003 | AR-CdUCM | ||
| 008 | 190517b ||||| |||| 00| 0 spa d | ||
| 040 |
_aMUNICIPALIDAD PROVINCIAL DEL CUSCO _cBIBLIOTECA MUNICIPAL DEL CUSCO |
||
| 041 | _heng | ||
| 082 |
_a335.40951 / _bC543 |
||
| 100 |
_aCh´en, Jerome _940725 |
||
| 245 |
_aMao y la revolución China Jerome Ch´en : _bseguido de Treinta y siete poemas de Mao Tse-Tung / |
||
| 260 |
_aBarcelona : _bEdiciones Oikos-Tau, _c1965. |
||
| 300 |
_a460 páginas ; _bretrato, _c22 cm. |
||
| 505 | _aContenido: Mao y la revolución China -- Treinta y siete poemas de Mao Tse-Tung, traducidas del Chino por Michael Bullock -- Miembros fundadores del PC Chino, 1921 -- Crecimiento del ejercito rojo mandado directamente por Mao y Chu, 1927 - 1945 -- Itinerario de 1934 - 1936 ... | ||
| 650 |
_aComunismo _9495 |
||
| 650 |
_aRevolución _9844 |
||
| 650 |
_aChina _9843 |
||
| 700 |
_aMolas, Isidro _940726 |
||
| 700 |
_aAvilés, Luis (traducción) _940727 |
||
| 942 |
_2ddc _cLIBROS |
||
| 945 |
_aachl _d2019-05-17 |
||